| 000 | 00322cam a22001097a 4500 | ||
|---|---|---|---|
| 008 | 180718b1936 xxu||||| |||| 00| 0 eng d | ||
| 082 | _aA75 H266A | ||
| 245 | _aPunjab district gazetteers: Ambala (statistical tables) | ||
| 260 |
_aLahore _bPunjab District Gazetteers _c1936 |
||
| 300 | _a159p. | ||
| 650 | _aAmbala - Gazetteers | ||
| 999 |
_c387914 _d387914 |
||